Histoire de la charité / (Record no. 88519)

MARC details
000 -LEADER
campo de control de longitud fija 00773nam a2200181 i 4500
001 - NÚMERO DE CONTROL
campo de control 88519
003 - IDENTIFICADOR DE NÚMERO DE CONTROL
campo de control ES-MaACL
005 - FECHA Y HORA DE LA ÚLTIMA TRANSACCIÓN
campo de control 20230906175856.0
007 - CAMPO FIJO DE DESCRIPCIÓN FÍSICA--INFORMACIÓN GENERAL
campo de control de longitud fija t|
008 - DATOS DE LONGITUD FIJA--INFORMACIÓN GENERAL
campo de control de longitud fija 050104m19021912fr |||| | fre d
100 1# - ENTRADA PRINCIPAL--NOMBRE DE PERSONA
Nombre de persona Lallemand, Léon.
9 (RLIN) 69733
245 10 - MENCIÓN DEL TÍTULO
Título Histoire de la charité /
Mención de responsabilidad, etc. par Léon Lallemand.
260 ## - PUBLICACIÓN, DISTRIBUCIÓN, ETC.
Lugar de publicación, distribución, etc. París :
Nombre del editor, distribuidor, etc. [s.n.,
Fecha de publicación, distribución, etc. 1902-12] (
Fabricante Protat Frères)
300 ## - DESCRIPCIÓN FÍSICA
Extensión 5 v. ;
Dimensiones 25 cm.
505 8# - NOTA DE CONTENIDO CON FORMATO
Nota de contenido con formato Contiene: T.I: L'antiquité (les civilisations disparues) - T. II: Les neuf premiers siècles de l'ère chrétienne - T. III: Le moyen âge (du Xe au XVIe siècle) - T. IV: Les temps modernes (du XVIe au XIXe siècle): premiere partie - T. V: Les temps modernes: deuxieme partie
650 #4 - PUNTO DE ACCESO ADICIONAL DE MATERIA--TÉRMINO DE MATERIA
Término de materia o nombre geográfico como elemento de entrada Beneficencia-
Subdivisión general Historia.
9 (RLIN) 135683
852 ## - LOCALIZACIÓN
Ubicación ES-MaACL
Número de control de estantería F-1035-39
Holdings
Estatus retirado Estado de pérdida Estado de daño No para préstamo Biblioteca de origen Biblioteca actual Ubicación en estantería Fecha de adquisición Fuente de adquisición Total de préstamos Signatura topográfica completa Código de barras Visto por última vez Precio de reemplazo Tipo de ítem Koha
        Biblioteca del Ateneo de Madrid Biblioteca del Ateneo de Madrid Depósito 2 17/01/2008     F-1035-39 1092463 23/02/2023 23/02/2023 Libro impreso